000
00320 a2200157 4500
001
61135
020
_a
85160228852
040
_c
Anchieta - Pituba
100
_a
Elisabeth Prescher
240
1
0
_a
Sun 3
_l
eng
245
1
0
_a
Sun 3
300
_a
160
362
0
_a
2001
650
4
_a
Inglês e inglês antigo
942
_c
BK
999
_c
61135
_d
61135